Normal view
MARC view
Entry Personal Name
001 - CONTROL NUMBER
- control field: 40085
003 - CONTROL NUMBER IDENTIFIER
- control field: dpl
005 - DATE AND TIME OF LATEST TRANSACTION
- control field: 20120124135617.0
008 - FIXED-LENGTH DATA ELEMENTS
- fixed length control field: 120124|||a|||||| | ||| d
040 ## - CATALOGING SOURCE
- Original cataloging agency: dpl
- Transcribing agency: dpl
100 ## - HEADING--PERSONAL NAME
- Personal name: गुप्ता, आर.
670 ## - SOURCE DATA FOUND
- Source citation: Work cat.: (dpl)2540: आर गुप्ता कृत पाँपुलर मास्टर गाइड:डी एस एस एस बी दिल्ली अधीनस्थ सेवा चयन बोर्ड:टीचर्स भर्ती परीक्षा टी.जी.टी./पी.जी.टी./, 2008.
670 ## - SOURCE DATA FOUND
- Source citation: Work cat.: (dpl)2540: आर गुप्ता कृत पाँपुलर मास्टर गाइड:डी एस एस एस बी दिल्ली अधीनस्थ सेवा चयन बोर्ड:टीचर्स भर्ती परीक्षा टी.जी.टी./पी.जी.टी./, 2008.
